Rethinking global security : (Record no. 704)
[ view plain ]
| 000 -LEADER | |
|---|---|
| fixed length control field | 01048cam a22002652 4500 |
| 001 - CONTROL NUMBER | |
| control field | 0000007214 |
| 005 - DATE AND TIME OF LATEST TRANSACTION | |
| control field | 20151021151112.0 |
| 008 - FIXED-LENGTH DATA ELEMENTS--GENERAL INFORMATION | |
| fixed length control field | 071130s xx 000 0 eng d |
| 020 ## - INTERNATIONAL STANDARD BOOK NUMBER | |
| International Standard Book Number | 9966977279 : |
| Terms of availability | KES |
| 040 ## - CATALOGING SOURCE | |
| Original cataloging agency | KABU |
| Transcribing agency | KABU |
| 111 2# - MAIN ENTRY--MEETING NAME | |
| Meeting name or jurisdiction name as entry element | Conference on Rethinking Global Security from an African Perspective |
| Location of meeting | Nairobi, Kenya : |
| Date of meeting | 2006. |
| -- | 0000158352 |
| 245 10 - TITLE STATEMENT | |
| Title | Rethinking global security : |
| Remainder of title | an African perspective / |
| Statement of responsibility, etc. | ed. by Makumi Mwagiru and Okello Oculli. |
| 260 ## - PUBLICATION, DISTRIBUTION, ETC. (IMPRINT) | |
| Place of publication, distribution, etc. | Nairobi : |
| Name of publisher, distributor, etc. | Heinrich Boll Foundation, |
| Date of publication, distribution, etc. | 2006. |
| 300 ## - PHYSICAL DESCRIPTION | |
| Extent | vii, 293 p. |
| 591 ## - | |
| -- | Donation |
| 650 #0 - SUBJECT ADDED ENTRY--TOPICAL TERM | |
| Topical term or geographic name as entry element | Security, International |
| Form subdivision | Congresses |
| Geographic subdivision | Africa. |
| -- | 0000158353 |
| 650 #0 - SUBJECT ADDED ENTRY--TOPICAL TERM | |
| Topical term or geographic name as entry element | Peace building |
| Form subdivision | Congresses |
| Geographic subdivision | Africa. |
| -- | 0000158354 |
| 650 #0 - SUBJECT ADDED ENTRY--TOPICAL TERM | |
| Topical term or geographic name as entry element | Africa |
| Topical term following geographic name as entry element | Foreign relations |
| Form subdivision | Congresses |
| Chronological subdivision | 1960. |
| -- | 0000158355 |
| 700 1# - ADDED ENTRY--PERSONAL NAME | |
| Personal name | Mwagiru, Makumi. |
| -- | 0000158348 |
| 700 1# - ADDED ENTRY--PERSONAL NAME | |
| Personal name | Oculli, Okello. |
| -- | 0000158356 |
| 908 ## - PUT COMMAND PARAMETER (RLIN) | |
| Put command parameter | 071130 |
| 950 ## - LOCAL HOLDINGS (RLIN) | |
| -- | 1 |
| Withdrawn status | Lost status | Source of classification or shelving scheme | Not for loan | Home library | Current library | Date acquired | Total Checkouts | Full call number | Barcode | Date last seen | Price effective from | Koha item type | Date last checked out |
|---|---|---|---|---|---|---|---|---|---|---|---|---|---|
| Library of Congress Classification | Kabarak, Main Campus | Kabarak, Main Campus | 17/12/2015 | JZ6009 .A37C66 c. 2 | 011397 | 17/12/2015 | 17/12/2015 | General Collection | |||||
| Library of Congress Classification | Kabarak, Main Campus | Kabarak, Main Campus | 17/12/2015 | JZ6009 .A37C66 c. 3 | 011398 | 17/12/2015 | 17/12/2015 | General Collection | |||||
| Library of Congress Classification | Kabarak, Main Campus | Kabarak, Main Campus | 17/12/2015 | 1 | JZ6009 .A37C66 c. 4 | 011399 | 06/12/2016 | 17/12/2015 | General Collection | 05/12/2016 | |||
| Library of Congress Classification | Kabarak, Main Campus | Kabarak, Main Campus | 17/12/2015 | JZ6009 .A37C66 c. 5 | 22225 | 17/12/2015 | 17/12/2015 | General Collection | |||||
| Library of Congress Classification | Kabarak, Main Campus | Kabarak, Main Campus | 17/12/2015 | JZ6009 .A37C66 c. 1 | 011396 | 17/12/2015 | 17/12/2015 | Africana Collection | |||||
| Library of Congress Classification | Kabarak, Nakuru City Campus | Kabarak, Nakuru City Campus | 21/10/2015 | JZ6009 .A37C66 c. 1 | 011436 | 21/10/2015 | 21/10/2015 | General Collection | |||||
| Library of Congress Classification | Kabarak, Nakuru City Campus | Kabarak, Nakuru City Campus | 21/10/2015 | JZ6009 .A37C66 c. 2 | 22202 | 21/10/2015 | 21/10/2015 | General Collection |